Normal view
MARC view
- ENGINEERING ANALYSIS.PRINCIPLES OF ENGINEERING ANALYSIS
Entry Topical Term
001 - CONTROL NUMBER
- control field: 68534
003 - CONTROL NUMBER IDENTIFIER
- control field: NUST
005 - DATE AND TIME OF LATEST TRANSACTION
- control field: 20210628204048.0
008 - FIXED-LENGTH DATA ELEMENTS
- fixed length control field: 210628|| aca||aabn | a|a d
040 ## - CATALOGING SOURCE
- Original cataloging agency: NUST
- Transcribing agency: NUST
150 ## - HEADING--TOPICAL TERM
- Topical term or geographic name entry element: ENGINEERING ANALYSIS.PRINCIPLES OF ENGINEERING ANALYSIS
670 ## - SOURCE DATA FOUND
- Source citation: Work cat.: (NUST): Sinha, Amritasu, Mugiraneza, Jean Bosco 68533, Principles of engineering analysis, 2012
